Which Year Did This Happen? - Statistics

General Stats
  • This quiz has been taken 46 times
  • The average score is 11 of 22
Answer Stats
Hint Answer % Correct
9/11 2001
100%
The nuclear bombings of Hiroshima and Nagasaki 1945
97%
Fall of the Berlin wall 1989
90%
The British voted to leave the European Union 2016
90%
Wall Street crashes, which leads to the beginning of the "Great Depression" 1929
87%
India's independence from the United Kingdom 1947
87%
Murder of Archduke Franz Ferdinand 1914
77%
Columbus "discovers" America 1492
73%
The Treaty of Versailles 1919
73%
The Battle of Hastings 1066
67%
The Battle of Waterloo 1815
67%
Nelson Mandela is inaugurated as President of South Africa 1994
67%
The Constitution of the United States of America is adopted 1787
40%
Eruption of Mount Vesuvius and the destruction of Pompeii and Heraculeum 79
30%
The fall of Constantinople 1453
27%
The assassination of Julius Caesar 44 B.C.
23%
Martin Luther's 95 Theses are published 1517
20%
The Ottoman Empire is established 1299
10%
Alexander The Great dies 323 B.C.
10%
The Scandinavian Kalmar Union is established 1397
7%
Issac Newton publishes Philosophiæ Naturalis Principia Mathematica 1687
3%
The Peloponnesian war ends 404 B.C.
3%
No matching quizzes found
Score Distribution
Percent of People with Each Score
Percentile by Number Answered
Your Score History
You have not taken this quiz